000 00732cam a2200229 4500
001 WB3603-18
008 000000n2000 000 0 eng u
035 _a(Sirsi) u103702
245 _aTesco to treble online stores to 300
260 _c2000
490 _aFinancial Times
_v20 January 2000, 1&3(2)
520 _aTesco is to treble the number of its stores offering internet home shopping. saying the success of the first 100 outlets has made it the world's largest grocery retailer.
590 _aWB
650 _aTESCO
650 _aE-COMMERCE
650 0 _aTESCO DIRECT
650 _aHOME SHOPPING
650 _aINTERNET
650 _aINTERNET SHOPPING
690 _aINFORMATION TECHNOLOGY-INTERNET
942 _n0
999 _c62276
_d62276